Phân lập và tuyển chọn vi khuẩn có tiềm năng Probiotic ứng dụng trong chăn nuôi heo : Luận văn tốt nghiệp Cao học. Chuyên ngành Thú y
Nghiên cứu tuyển chọn 1 - 2 dòng vi khuẩn có tiềm năng về probiotic bao gồm vi khuẩn Bacillus và Lactobacillus để làm nguồn giống trong sản xuất chế phẩm sinh học cho chăn nuôi gia súc.
Gespeichert in:
| 1. Verfasser: | |
|---|---|
| Format: | Buch |
| Sprache: | Undetermined |
| Veröffentlicht: |
Cần Thơ
Trường Đại học Cần Thơ
2018
|
| Schlagworte: | |
| Tags: |
Tag hinzufügen
Keine Tags, Fügen Sie den ersten Tag hinzu!
|
| Thư viện lưu trữ: | Trung tâm Học liệu Trường Đại học Cần Thơ |
|---|
| LEADER | 01112nam a2200229Ia 4500 | ||
|---|---|---|---|
| 001 | CTU_228581 | ||
| 008 | 210402s9999 xx 000 0 und d | ||
| 082 | |a 636.4 | ||
| 082 | |b M460 | ||
| 088 | |a 8640101 | ||
| 100 | |a Trịnh, Thị Hồng Mơ | ||
| 245 | 0 | |a Phân lập và tuyển chọn vi khuẩn có tiềm năng Probiotic ứng dụng trong chăn nuôi heo : | |
| 245 | 0 | |b Luận văn tốt nghiệp Cao học. Chuyên ngành Thú y | |
| 245 | 0 | |c Trịnh Thị Hồng Mơ ; Nguyễn Thị Hồng Nhân (Cán bộ hướng dẫn) | |
| 260 | |a Cần Thơ | ||
| 260 | |b Trường Đại học Cần Thơ | ||
| 260 | |c 2018 | ||
| 520 | |a Nghiên cứu tuyển chọn 1 - 2 dòng vi khuẩn có tiềm năng về probiotic bao gồm vi khuẩn Bacillus và Lactobacillus để làm nguồn giống trong sản xuất chế phẩm sinh học cho chăn nuôi gia súc. | ||
| 650 | |a Swine,Lợn | ||
| 650 | |x Breeding,Chăn nuôi | ||
| 910 | |b nthai | ||
| 980 | |a Trung tâm Học liệu Trường Đại học Cần Thơ | ||